Malé štáty v medzinárodných vzťahoch - Švajčiarsko bakalárska práca

Salvato in:
Dettagli Bibliografici
Autore principale: Zajacová, Miriam
Ente Autore: Fakulta medzinárodných vzťahov EU. Katedra medzinárodných ekonomických vzťahov a hospodárskej diplomacie
Altri autori: Mattoš, Boris, 1977-
Natura: Libro
Lingua:slovacco
Pubblicazione: Bratislava 2013
Tags: Aggiungi Tag
Nessun Tag, puoi essere il primo ad aggiungerne!!

MARC

LEADER 00000nbm a2200000 4500
001 0176184
005 20170209091807.3
041 0 |a slo 
044 |a SK 
245 1 0 |a Malé štáty v medzinárodných vzťahoch - Švajčiarsko  |b bakalárska práca  |c Miriam Zajacová ; školiteľ: Boris Mattoš 
264 1 |a Bratislava  |c 2013 
300 |a 47 s. 
100 1 |a Zajacová, Miriam 
700 1 |a Mattoš, Boris, 1977- 
710 2 |a Fakulta medzinárodných vzťahov EU. Katedra medzinárodných ekonomických vzťahov a hospodárskej diplomacie